000 00477nam a22001817a 4500
005 20230920143719.0
008 230908b |||||||| |||| 00| 0 eng d
020 _a0750653728
082 _a721.0285
_bWHY-V
100 _aWhyte, Jennifer
245 _aVirtual Reality and the Built Environment
260 _aUK
_bArchitetural Press Publication
_c2002
300 _a150
500 _aInclude Index
650 _aEngineering/Civil
700 _aJennifer,Whyte
999 _c33482
_d33482